Exposició Mercè Llimona : Capella de Santa Àgata, desembre 1986-gener 1987 Capella de Santa Àgata, desembre 1986-gener 1987
Descripción Física:
55 p. : principalment il., col. ; 25 x 24 cm
Otros Autores:
Consell Català del Llibre per a Infants
MARC
| LEADER | 00000nam a2200000Ia 4500 | ||
|---|---|---|---|
| 001 | 7614 | ||
| 008 | 160829s1986 xx 000 0 cat d | ||
| 080 | |a B-1-373 | ||
| 100 | |a Llimona i Raymat, Mercè |9 35921 | ||
| 245 | |a Exposició Mercè Llimona : |b Capella de Santa Àgata, desembre 1986-gener 1987 | ||
| 260 | |a Barcelona : |b Diputació de Barcelona : |b Consell Català del Llibre per a Infants, |c 1986 | ||
| 300 | |a 55 p. : |b principalment il., col. ; |c 25 x 24 cm | ||
| 650 | |a Llimona i Raymat, Mercè |x Il·lustracions |x Exposicions |9 35922 | ||
| 650 | |a Literatura infantil |x Exposicions |9 35923 | ||
| 700 | |a Consell Català del Llibre per a Infants |9 35924 | ||
| 710 | 1 | |a Barcelona (Catalunya : Província). |b Diputació |9 52408 | |
| 901 | |a Arxiu | ||
| 942 | |n 1 | ||
| 952 | |0 0 |1 0 |4 0 |6 B1373 |7 1 |9 47122 |a Arxiu |b Arxiu |d 2016-12-01 |l 0 |o B-1-373 |p 7614 |r 2016-12-01 00:00:00 |w 2016-12-01 |y ARXIU | ||
| 999 | |c 50917 |d 50917 | ||